| 000 | 00347nam a2200121 i 4500 | ||
|---|---|---|---|
| 001 | bg | ||
| 245 | 0 |
_aXXXIV Konferencja naukowa Komitetu Inżynierii Lądowej i Wodnej PAN. _nT. 4, _pMateriały budowlane i fizyka budowli. |
|
| 260 |
_aGliwice, _c1988. |
||
| 040 | _cBPK | ||
| 041 | _apol | ||
| 942 | _cKS | ||
| 008 | s pl f |000 0 pol | ||
| 999 |
_c28576 _d28576 |
||
| 856 |
_uhttp://koha.tu.koszalin.pl/cgi-bin/koha/opac-detail.pl?biblionumber=28576 _yKatalog online BPK |
||